Library of the University of Algiers 3
Ibrahim Sultan Cheibout
شعار جامعة الجزائر 3
مكتبة جامعة الجزائر 3
إبراهيم سلطان شيبوط

تطور الفكر والوقائع الإقتصادية / (رقم التسجيلة. 43052)

تفاصيل مارك
000 -LEADER
fixed length control field 01527nam a2200241Ia 4500
003 - CONTROL NUMBER IDENTIFIER
control field Ost
005 - DATE AND TIME OF LATEST TRANSACTION
control field 20260507075119.0
008 - FIXED-LENGTH DATA ELEMENTS--GENERAL INFORMATION
fixed length control field 260507s9999||||xx |||||||||||||| ||und||
040 ## - CATALOGING SOURCE
Transcribing agency fsecg
041 ## - LANGUAGE CODE
Language code of text/sound track or separate title ara
082 ## - DEWEY DECIMAL CLASSIFICATION NUMBER
Classification number 330.15
100 ## - MAIN ENTRY--PERSONAL NAME
Personal name مصطفى، أحمد فريد
Relator term مؤلف
245 #0 - TITLE STATEMENT
Title تطور الفكر والوقائع الإقتصادية /
Statement of responsibility, etc. أحمد فريد مصطفى
260 ## - PUBLICATION, DISTRIBUTION, ETC.
Place of publication, distribution, etc. الإسكندرية:
Name of publisher, distributor, etc. مؤسسة شباب الجامعة,
Date of publication, distribution, etc. 2000
300 ## - PHYSICAL DESCRIPTION
Extent 352 صفحة؛
Other physical details إيضاحات ؛
Dimensions 24 سم
520 ## - SUMMARY, ETC.
Summary, etc. الفكر والنظام الإقتصادي في مرحلة العصور الوسطى- مذهب التجارين وظهور الرأسمالية التجارية في الفترة من 1450-1750-الرأسمالية الصناعية وفلسفة الثورة الصناعية في الفترة من عام 1750-1850-أثر النهضة الصناعية والتيار الفكر المعاصر لها على الإقتصاد- تعمق الأزمة في النظام الرأسمالي في خلال الفترة من 1920-1945- لمحات في اقتصادنا المعاصر- التحولات المرحلية للإقتصاد المصري- سياسة الإنفتاح الإقتصادي وآثارها
653 ## - INDEX TERM--UNCONTROLLED
Uncontrolled term الإشتراكية
653 ## - INDEX TERM--UNCONTROLLED
Uncontrolled term الإقتصاد- الفلسفة
653 ## - INDEX TERM--UNCONTROLLED
Uncontrolled term الرأسمالية
653 ## - INDEX TERM--UNCONTROLLED
Uncontrolled term النظم الإقتصادية- مصر
700 ## - ADDED ENTRY--PERSONAL NAME
Personal name حسن، سهير محمد السيد
Relator term مؤلف ثانوي
942 ## - ADDED ENTRY ELEMENTS (KOHA)
Koha item type كتب
المقتنيات
Withdrawn status Lost status Source of classification or shelving scheme Damaged status Not for loan Home library Current library Date acquired Serial enumeration / chronology Inventory number Total checkouts Full call number Barcode Date last seen Price effective from Koha item type
    Dewey Decimal Classification   NOT LOAN / إعارة داخلية مكتبة كلية العلوم الإقتصادية والعلوم التجارية وعلوم التسيير مكتبة كلية العلوم الإقتصادية والعلوم التجارية وعلوم التسيير 07/05/2026 الطابق الأرضي 1970/1   أ/1970ن1 1970/1 07/05/2026 07/05/2026 كتب
    Dewey Decimal Classification   Available مكتبة كلية العلوم الإقتصادية والعلوم التجارية وعلوم التسيير مكتبة كلية العلوم الإقتصادية والعلوم التجارية وعلوم التسيير 07/05/2026 الطابق الثاني 1970/2   أ/1970ن2 1970/2 07/05/2026 07/05/2026 كتب

موارد الويب المفتوحة


© University of Algiers 3 All Rights Reserved
|
Implemented by LECHELAH Riad